Từ điển tôn giáo và các thể nghiệm siêu việt

Đã lưu trong:
Bibliografiske detaljer
Hovedforfatter: Rosemary Ellen Guiley
Format: Bog
Sprog:Undetermined
Udgivet: Hà Nội Tôn Giáo 2005
Fag:
Tags: Tilføj Tag
Ingen Tags, Vær først til at tagge denne postø!
Thư viện lưu trữ: Trung tâm Học liệu Trường Đại học Cần Thơ
LEADER 00642nam a2200205Ia 4500
001 CTU_101585
008 210402s9999 xx 000 0 und d
020 |c 180000 
082 |a 200.3 
082 |b G956 
100 |a Rosemary Ellen Guiley 
245 0 |a Từ điển tôn giáo và các thể nghiệm siêu việt 
245 0 |c Rosemary Ellen Guiley; Nguyễn Kiên Trường biên dịch 
260 |a Hà Nội 
260 |b Tôn Giáo 
260 |c 2005 
650 |a religions,psychology, religions 
650 |x dictionaries 
904 |i Minh 
980 |a Trung tâm Học liệu Trường Đại học Cần Thơ